|
|
|
|
| LEADER |
01010nam a2200253 a 4500 |
| 001 |
31593 |
| 003 |
BD-DhAAL |
| 005 |
20170306201728.0 |
| 008 |
170214s2016 bg ||||| b||| 001 0 eng d |
| 020 |
|
|
|a 9789845062411
|
| 040 |
|
|
|a BD-DhAAL
|c BD-DhAAL
|
| 082 |
0 |
4 |
|2 23
|a 330.54092
|
| 100 |
1 |
0 |
|a Rahman, Rushidan Islam
|9 20993
|
| 245 |
0 |
0 |
|a Growth, employment and social change in Bangladesh /
|c Rushidan Islam Rahman.
|
| 260 |
|
|
|a Dhaka :
|b The University Press Limited,
|c 2016
|
| 300 |
|
|
|a xxv, 316 pages :
|b illustraions ;
|c 24 cm.
|
| 504 |
|
|
|a Includes bibliographical references ( [299]-308 ) and index.
|
| 526 |
|
|
|a BIGD
|
| 650 |
0 |
0 |
|a Social changes
|z Bangladesh
|9 20994
|
| 650 |
0 |
0 |
|a Economical development
|z Bangladesh
|9 20995
|
| 650 |
0 |
0 |
|a Social condition
|z Bangladesh
|9 20996
|
| 942 |
|
|
|2 ddc
|c BK
|
| 999 |
|
|
|c 37962
|d 37962
|
| 952 |
|
|
|0 0
|1 0
|2 ddc
|4 0
|6 330_540920000000000_RAH
|7 0
|9 59997
|a IGS
|b IGS
|c GEN
|d 2017-02-12
|e The University Press Limited
|g 735.00
|l 0
|o 330.54092 RAH
|p 3010031593
|r 2017-02-14
|t 1
|v 735.00
|w 2017-02-12
|y BK
|